| 000 | 00856nam a22003017a 4500 | ||
|---|---|---|---|
| 003 | CHAP | ||
| 005 | 20220329135129.0 | ||
| 008 | 971013s1945 r 00010 d | ||
| 010 | _a31397 | ||
| 011 | _a32369 | ||
| 035 | _a36484 | ||
| 040 | _cCHAP | ||
| 082 |
_a591 _bM37 1945 |
||
| 100 | 0 | 0 |
_aMartínez, Maximino. _972693 |
| 245 | _aCurso de zoología | ||
| 250 | _a12 ed. | ||
| 260 |
_aMéxico, D.F. : _bBotas, _c1945 |
||
| 300 |
_a284 p. _b: ilus |
||
| 500 | _ac.3 solicitar en la oficina | ||
| 590 |
_aBATCH-UPD _b10 _c20130110 _lUCH01 _h1810 |
||
| 590 |
_aBATCH-UPD _b10 _c20130410 _lUCH01 _h1145 |
||
| 590 |
_aBATCH-UPD _b10 _c20130914 _lUCH01 _h1802 |
||
| 590 |
_aCONVERSION _b10 _c20130109 _lUCH01 _h1318 |
||
| 650 | 1 | 4 |
_aZoología. _9124151 |
| 901 | _aBK | ||
| 942 | _cLIBRO | ||
| 949 |
_a591 M37 1945 _bBC _cESP _d-84136 _eESP _fc.3 _h29250 _i36484 _si |
||
| 999 |
_c31397 _d31397 |
||